| 000 | 00338cam a2200133ua 4500 | ||
|---|---|---|---|
| 020 | _a9788184870879 | ||
| 082 |
_a621.43 _bPUN / IC |
||
| 100 |
_aPundir B.P. _91383 |
||
| 245 | _aIC Engines: Combustion and Emissions | ||
| 250 | _a1st | ||
| 260 |
_aNew Delhi _bNarosa Publishing House _c2010 |
||
| 300 |
_a504 _b240figs;75tbls. |
||
| 942 | _cBK | ||
| 999 |
_c13605 _d13605 |
||